| 000 | 01108nam0a2200289 4500 | ||
|---|---|---|---|
| 001 | RU\NLR\BIBL_A\022434181 | ||
| 005 | 20250625233158.0 | ||
| 035 | _a(NLR Aleph) 022434181 | ||
| 090 |
_a13347021 _c13347021 |
||
| 100 | _a20250123d1983 |||y0rusy50 ca | ||
| 101 | 0 | _aswa | |
| 102 | _aRU | ||
| 105 | _ay z 001zy | ||
| 200 | 1 |
_aJinsi jamii inavyoendelea _dКак развивается общество _fY. G. Plimak, A. I. Volodin _gV. Makarenko _zrus |
|
| 210 |
_aMoscow _cProgress Publishers _d1983 |
||
| 215 |
_a214 [2] с. _d17 см. |
||
| 225 | 1 |
_aMfululizo wa vitabu vya maarifa ya kisiasa _dБиблиотека политических знаний _zrus |
|
| 606 | 0 |
_aСуахили язык _2nlr_sh1 |
|
| 606 | 1 |
_aСССР _jОбщество |
|
| 700 | 1 |
_aПлимак _bЕ. Г. _f1925-2011 _gЕвгений Григорьевич _4070 |
|
| 701 | 1 |
_aВолодин _bА. И. _f1933-2004 _gАлександр Иванович _4070 |
|
| 702 | 1 |
_aМакаренко _bВ. _gВладимир _4730 |
|
| 852 |
_aNLR _bОЛСАА-афр _j2-857 |
||
| 942 | _cBOOK | ||
| 980 | 1 | _aAFR | |
| 980 | _aNB | ||